प्रायोगिक पुस्तकालय वर्गीकरण (Record no. 1327)

MARC details
000 -LEADER
fixed length control field 01137 a2200217 4500
005 - DATE AND TIME OF LATEST TRANSACTION
control field 20080908143149.0
008 - FIXED-LENGTH DATA ELEMENTS--GENERAL INFORMATION
fixed length control field 080908t xxu||||| |||| 00| 0 hin d
010 ## - LIBRARY OF CONGRESS CONTROL NUMBER
LC control number HIN-79178
020 ## - INTERNATIONAL STANDARD BOOK NUMBER
International Standard Book Number 525.00
035 ## - SYSTEM CONTROL NUMBER
System control number HN-51524
037 ## - SOURCE OF ACQUISITION
Source of stock number/acquisition D.B.Act / pub
082 ## - DEWEY DECIMAL CLASSIFICATION NUMBER
Classification number 025.43
100 ## - MAIN ENTRY--PERSONAL NAME
Personal name शर्मा, प्रहलाद
245 ## - TITLE STATEMENT
Title प्रायोगिक पुस्तकालय वर्गीकरण
Statement of responsibility, etc प्रहलाद शर्मा
246 ## - VARYING FORM OF TITLE
Title proper/short title Prayogic puskalya vargikaran
Remainder of title by Prahlad Sharma
260 ## - PUBLICATION, DISTRIBUTION, ETC. (IMPRINT)
Place of publication, distribution, etc जयपुर
Name of publisher, distributor, etc युनिवर्सिटी पब्लिकेशन्स
Date of publication, distribution, etc 2004
270 ## - ADDRESS
Address विश्वविद्यालय प्रकाशन
City जयपुर
Postal code 302003
Telephone number 0141-2324264
300 ## - PHYSICAL DESCRIPTION
Extent ii,iv,266पृ
Dimensions 22 सेमी (सजिल्द)
942 ## - ADDED ENTRY ELEMENTS (KOHA)
Institution code [OBSOLETE] dpl
Koha item type Hindi Books
Call number prefix 025.43 / शर्माप्र
Source of classification or shelving scheme Dewey Decimal Classification
Classification part 025.43
Call number suffix शर्माप्र
Holdings
Withdrawn status Lost status Damaged status Not for loan Collection code Home library Current library Date acquired Cost, normal purchase price Total Checkouts Full call number Barcode Date last seen Copy number Uniform Resource Identifier Cost, replacement price Price effective from Koha item type
      Not For Loan Non-fiction D.B.Act.Division D.B.Act.Division 08/09/2008 525.00   025.43 शर्माप्र HN-51524 15/09/2008 1 1393 525.00 15/09/2008 Hindi Books

© Delhi Public Library
Hit Counter
free hit counter